[Event "Bayern-chTT (RL Sued-Ost)"]
[Site "Bayern 2008/09"]
[Date "2008.10.05"]
[Round "1.7"]
[White "Uhlmann, David"]
[Black "Siebert, Joachim"]
[Result "1/2-1/2"]
[WhiteElo "1917"]
[BlackElo "1899"]
[PlyCount "35"]
[EventDate "2009.03.??"]
[EventType "team-tourn"]
[EventRounds "9"]
[WhiteTeam "Pang/Ro.2"]
[BlackTeam "Landshut 1"]

1. d4 Nf6 2. c4 e6 3. Nc3 Bb4 4. e3 O-O 5. Bd3 b6 6. Nf3 Bb7 7. O-O Bxc3 8.
bxc3 Ne4 9. Qc2 f5 10. Nd2 Nxd2 11. Bxd2 Qh4 12. f3 d6 13. Rae1 Nd7 14. g3 Qf6
15. e4 g6 16. a4 c5 17. Be3 e5 18. d5 1/2-1/2

[Event "Bayern-chTT (RL Sued-Ost)"]
[Site "Bayern 2008/09"]
[Date "2008.10.05"]
[Round "1.8"]
[White "Kunz, Heinz(65)"]
[Black "Baldauf, Manuel"]
[Result "1/2-1/2"]
[WhiteElo "1856"]
[BlackElo "1881"]
[PlyCount "29"]
[EventDate "2009.03.??"]
[EventType "team-tourn"]
[EventRounds "9"]
[WhiteTeam "Landshut 1"]
[BlackTeam "Pang/Ro.2"]

1. c4 c5 2. Nc3 Nf6 3. Nf3 b6 4. g3 Bb7 5. Bg2 e6 6. O-O Be7 7. d4 cxd4 8. Nxd4
Bxg2 9. Kxg2 O-O 10. b3 a6 11. Bb2 Qc7 12. e3 d6 13. Qf3 Ra7 14. Rfd1 Rc8 15.
Rac1 1/2-1/2

[Event "Bayern-chTT (RL Sued-Ost)"]
[Site "Bayern 2008/09"]
[Date "2008.10.05"]
[Round "1.1"]
[White "Schaefer, Matthias(79)"]
[Black "Zenker, Ulrich"]
[Result "1/2-1/2"]
[WhiteElo "2274"]
[BlackElo "2211"]
[PlyCount "32"]
[EventDate "2009.03.??"]
[EventType "team-tourn"]
[EventRounds "9"]
[WhiteTeam "Starnberg 1"]
[BlackTeam "Ebersberg 1"]

1. e4 d6 2. d4 Nf6 3. Nc3 e5 4. f4 exd4 5. Qxd4 Nc6 6. Bb5 Bd7 7. Qf2 Qe7 8.
Bd3 O-O-O 9. Nge2 Ng4 10. Qg3 f5 11. exf5 Nh6 12. O-O Nxf5 13. Bxf5 Bxf5 14.
Be3 g6 15. Nd4 Nxd4 16. Bxd4 Bg7 1/2-1/2

[Event "Bayern-chTT (RL Sued-Ost)"]
[Site "Bayern 2008/09"]
[Date "2008.10.05"]
[Round "1.2"]
[White "Maksimovic, Marko"]
[Black "Terzic, Safet"]
[Result "0-1"]
[WhiteElo "2119"]
[BlackElo "2201"]
[PlyCount "98"]
[EventDate "2009.03.??"]
[EventType "team-tourn"]
[EventRounds "9"]
[WhiteTeam "Ebersberg 1"]
[BlackTeam "Starnberg 1"]

1. d4 Nf6 2. c4 e6 3. Nc3 d5 4. Nf3 c6 5. cxd5 exd5 6. Bg5 Be7 7. Qc2 O-O 8. e3
Re8 9. Bd3 Nbd7 10. h3 Nf8 11. g4 c5 12. dxc5 Bxc5 13. O-O-O Be6 14. Bb5 Re7
15. Bxf6 gxf6 16. Nd4 Bb4 17. Kb1 Rc8 18. Nde2 Qa5 19. Qa4 Rd8 20. a3 Bxc3 21.
Nxc3 Qb6 22. Qd4 Qxd4 23. Rxd4 f5 24. Rhd1 fxg4 25. hxg4 a6 26. Be2 Red7 27.
Bf3 Ng6 28. Bxd5 Bxd5 29. Rxd5 Rxd5 30. Rxd5 Rxd5 31. Nxd5 Ne5 32. g5 Nf3 33.
Kc2 Nxg5 34. Kd3 Kg7 35. Nf4 Kf6 36. Kc4 Ne6 37. Nd3 h5 38. f3 h4 39. Nf2 Ke5
40. Ng4+ Kd6 41. b4 f5 42. Nh2 Ke5 43. a4 h3 44. b5 a5 45. b6 Kd6 46. e4 fxe4
47. fxe4 Kc6 48. e5 Nc5 49. Ng4 Nxa4 0-1

[Event "Bayern-chTT (RL Sued-Ost)"]
[Site "Bayern 2008/09"]
[Date "2008.10.05"]
[Round "1.3"]
[White "Absmaier, Friedrich sr(63)"]
[Black "Schweiger, Georg"]
[Result "1-0"]
[WhiteElo "2125"]
[BlackElo "2044"]
[PlyCount "77"]
[EventDate "2009.03.??"]
[EventType "team-tourn"]
[EventRounds "9"]
[WhiteTeam "Starnberg 1"]
[BlackTeam "Ebersberg 1"]

1. e4 e6 2. d4 d5 3. e5 c5 4. c3 Nc6 5. Nf3 Qb6 6. a3 c4 7. Nbd2 Na5 8. Be2 Bd7
9. O-O Qc6 10. Qc2 Qa4 11. Qb1 Rc8 12. Bd1 Qb5 13. a4 Qb6 14. Ng5 Be7 15. f4 g6
16. Bc2 Nh6 17. Rf3 Nf5 18. Kh1 h5 19. Rh3 Nb3 20. Nxb3 cxb3 21. Bd3 O-O 22.
Bd2 Kg7 23. Qd1 Rh8 24. a5 Qc7 25. Qxb3 Nh6 26. Qc2 Ng4 27. Kg1 Rcg8 28. Rf3
Nh6 29. b3 Nf5 30. Qa2 Rc8 31. Qb2 a6 32. Kh1 Bb5 33. c4 Bc6 34. c5 h4 35. b4
Qd7 36. Rb1 Bb5 37. Bxf5 gxf5 38. Rh3 Bxg5 39. fxg5 1-0

[Event "Bayern-chTT (RL Sued-Ost)"]
[Site "Bayern 2008/09"]
[Date "2008.10.05"]
[Round "1.4"]
[White "Krause, Christian(42)"]
[Black "Gschwendtner, Klaus"]
[Result "1/2-1/2"]
[WhiteElo "1951"]
[BlackElo "2072"]
[PlyCount "82"]
[EventDate "2009.03.??"]
[EventType "team-tourn"]
[EventRounds "9"]
[WhiteTeam "Ebersberg 1"]
[BlackTeam "Starnberg 1"]

1. c4 e6 2. b3 Nf6 3. Bb2 d5 4. Nf3 Bd6 5. g3 Nbd7 6. Bg2 O-O 7. O-O c6 8. d3
a5 9. Nc3 Qc7 10. a4 Nc5 11. d4 Nce4 12. Nd2 Nxc3 13. Bxc3 e5 14. dxe5 Bxe5 15.
Bxe5 Qxe5 16. e3 Bg4 17. Qc1 Qh5 18. Qc3 Rfe8 19. f3 Bh3 20. Rfe1 Re7 21. Rad1
h6 22. Bxh3 Qxh3 23. Nf1 Qf5 24. Kg2 h5 25. h4 Rae8 26. c5 Nd7 27. Rd4 Ne5 28.
e4 Qf6 29. Nh2 Nd7 30. Nf1 dxe4 31. f4 Qf5 32. Rc4 Nf6 33. Ne3 Qd7 34. Rd4 Qc7
35. b4 axb4 36. Qxb4 Rd8 37. Red1 Red7 38. Nf5 Rxd4 39. Rxd4 Rxd4 40. Qxd4 Qa5
41. Kf2 Kh7 1/2-1/2

[Event "Bayern-chTT (RL Sued-Ost)"]
[Site "Bayern 2008/09"]
[Date "2008.10.05"]
[Round "1.6"]
[White "Bauer, Frank(75)"]
[Black "Von Schmaedel, Clemens"]
[Result "1/2-1/2"]
[WhiteElo "1935"]
[BlackElo "1905"]
[PlyCount "49"]
[EventDate "2009.03.??"]
[EventType "team-tourn"]
[EventRounds "9"]
[WhiteTeam "Ebersberg 1"]
[BlackTeam "Starnberg 1"]

1. c4 e5 2. Nc3 Nf6 3. g3 d5 4. cxd5 Nxd5 5. Bg2 Nb6 6. Nf3 Nc6 7. d3 Be7 8.
Be3 O-O 9. O-O Be6 10. a3 f6 11. Ne4 Nd4 12. Bxd4 exd4 13. Rc1 c6 14. Nc5 Bxc5
15. Rxc5 Qd6 16. Rc1 Rad8 17. Nd2 Bd5 18. Bxd5+ Qxd5 19. Qb3 Qxb3 20. Nxb3 Rfe8
21. Rc2 Re7 22. Rfc1 Kf7 23. Kf1 Rd5 24. Rc5 Re6 25. R5c2 1/2-1/2

[Event "Bayern-chTT (RL Sued-Ost)"]
[Site "Bayern 2008/09"]
[Date "2008.10.05"]
[Round "1.7"]
[White "Winkler, Stefan(58)"]
[Black "Haslsperger, Martin"]
[Result "1/2-1/2"]
[WhiteElo "1842"]
[BlackElo "1876"]
[PlyCount "42"]
[EventDate "2009.03.??"]
[EventType "team-tourn"]
[EventRounds "9"]
[WhiteTeam "Starnberg 1"]
[BlackTeam "Ebersberg 1"]

1. e4 c5 2. Nf3 d6 3. Bb5+ Nc6 4. h3 Nf6 5. e5 dxe5 6. Nxe5 Qd5 7. Bxc6+ bxc6
8. Nf3 Qe4+ 9. Qe2 Qxc2 10. Na3 Qg6 11. Nh4 Qe4 12. Qxe4 Nxe4 13. d3 Nd6 14.
Be3 Ba6 15. O-O-O c4 16. d4 e6 17. Nc2 Be7 18. Nf3 Rc8 19. Rhe1 O-O 20. Ne5
Rfd8 21. g4 Bb5 1/2-1/2

[Event "Bayern-chTT (RL Sued-Ost)"]
[Site "Bayern 2008/09"]
[Date "2008.10.05"]
[Round "1.8"]
[White "Behrndt, Helmut"]
[Black "Kraft, Dieter Dr(36)"]
[Result "1/2-1/2"]
[WhiteElo "1736"]
[BlackElo "1783"]
[PlyCount "72"]
[EventDate "2009.03.??"]
[EventType "team-tourn"]
[EventRounds "9"]
[WhiteTeam "Ebersberg 1"]
[BlackTeam "Starnberg 1"]

1. e4 c5 2. b3 Nc6 3. Bb2 d6 4. f4 Nf6 5. Nc3 e6 6. Nf3 Be7 7. Bb5 Bd7 8. Bxc6
Bxc6 9. Qe2 a6 10. e5 dxe5 11. Nxe5 Qd6 12. Nxc6 Qxc6 13. O-O-O O-O-O 14. f5
Rhe8 15. fxe6 Bf8 16. Qf3 Qxf3 17. gxf3 Rxe6 18. Rde1 Rde8 19. Rxe6 Rxe6 20.
Kd1 Kd7 21. Re1 Rxe1+ 22. Kxe1 Ke6 23. Ke2 h5 24. Nd1 Nd5 25. c4 Nf4+ 26. Ke3
g5 27. Nf2 f5 28. d4 cxd4+ 29. Bxd4 Bd6 30. h3 Be5 31. Bc5 Bc3 32. Bd4 Be1 33.
Nd3 Nxd3 34. Kxd3 g4 35. fxg4 fxg4 36. hxg4 hxg4 1/2-1/2

[Event "Bayern-chTT (RL Sued-Ost)"]
[Site "Bayern 2008/09"]
[Date "2008.10.26"]
[Round "2.2"]
[White "Eizenhammer, Peter"]
[Black "Terzic, Safet"]
[Result "1-0"]
[WhiteElo "2103"]
[BlackElo "2201"]
[PlyCount "63"]
[EventDate "2009.03.??"]
[EventType "team-tourn"]
[EventRounds "9"]
[WhiteTeam "Passau 2"]
[BlackTeam "Starnberg 1"]

1. e4 c5 2. Nf3 Nc6 3. Bb5 Na5 4. O-O a6 5. Be2 d6 6. d4 cxd4 7. Nxd4 Nf6 8.
Nc3 e6 9. a4 Qc7 10. f4 Be7 11. Qd3 O-O 12. Qg3 Qb6 13. Be3 Qxb2 14. Bf2 Nc6
15. Rfb1 Nxe4 16. Nxe4 Nxd4 17. Bd3 Ne2+ 18. Bxe2 Qxc2 19. Bd3 Qc6 20. Ng5 h6
21. Nh7 Re8 22. f5 Kh8 23. f6 gxf6 24. Qh4 Rg8 25. Be4 f5 26. Qxh6 Rg6 27. Qh5
fxe4 28. Ng5+ Kg7 29. Qh7+ Kf6 30. Qxf7+ Ke5 31. Qxg6 d5 32. Nf7+ 1-0

[Event "Bayern-chTT (RL Sued-Ost)"]
[Site "Bayern 2008/09"]
[Date "2008.10.26"]
[Round "2.3"]
[White "Absmaier, Friedrich sr(63)"]
[Black "Holzer, Richard(72)"]
[Result "0-1"]
[WhiteElo "2125"]
[BlackElo "2176"]
[PlyCount "82"]
[EventDate "2009.03.??"]
[EventType "team-tourn"]
[EventRounds "9"]
[WhiteTeam "Starnberg 1"]
[BlackTeam "Passau 2"]

1. e4 e5 2. Nf3 Nc6 3. Bb5 a6 4. Ba4 Nf6 5. O-O Be7 6. Re1 b5 7. Bb3 d6 8. c3
Na5 9. Bc2 c5 10. h3 Qc7 11. d3 O-O 12. Nbd2 Rd8 13. Nf1 Be6 14. Qe2 b4 15. Ng5
Bd7 16. f4 Bf8 17. Qf2 Re8 18. Bd2 Qb7 19. c4 Nc6 20. Ba4 Nd4 21. Bxd7 Nxd7 22.
Be3 f6 23. Nf3 Be7 24. f5 b3 25. Bxd4 cxd4 26. a3 Nc5 27. Rad1 Bd8 28. Ng3 Ba5
29. Rf1 Qf7 30. Nh4 Kf8 31. Kh2 Ke7 32. Ne2 Qh5 33. Nf3 Qh6 34. Nfxd4 exd4 35.
Qxd4 Qh5 36. Qe3 Kf8 37. Qg3 Nxe4 38. dxe4 Qxe2 39. Qxd6+ Re7 40. Qd5 Bc7+ 41.
Kh1 Rd8 0-1

[Event "Bayern-chTT (RL Sued-Ost)"]
[Site "Bayern 2008/09"]
[Date "2008.10.26"]
[Round "2.4"]
[White "Ipfelkofer, Frank"]
[Black "Tuchenhagen, Axel"]
[Result "1-0"]
[WhiteElo "2101"]
[BlackElo "2083"]
[PlyCount "129"]
[EventDate "2009.03.??"]
[EventType "team-tourn"]
[EventRounds "9"]
[WhiteTeam "Passau 2"]
[BlackTeam "Starnberg 1"]

1. e4 e6 2. d3 b6 3. g3 Bb7 4. Bg2 g6 5. f4 Bg7 6. Nf3 d6 7. O-O Ne7 8. c3 Nd7
9. Be3 c5 10. Nbd2 Qc7 11. a4 O-O 12. Qc2 d5 13. Nh4 f5 14. e5 a5 15. Nhf3 Rfc8
16. Nb1 Ba6 17. Na3 Qd8 18. Qe2 Rab8 19. Nb5 Nc6 20. Rfd1 Bf8 21. Ng5 Qe8 22.
c4 d4 23. Nxe6 Bxb5 24. axb5 Ne7 25. Bf2 Bh6 26. h4 Kh8 27. b4 Ng8 28. Bd5 axb4
29. Ra7 Nf8 30. Ng5 Bxg5 31. hxg5 Ne6 32. Qf3 Rc7 33. Rda1 Rbc8 34. Bc6 Qe7 35.
Ra8 Rd8 36. Bd5 Rdc8 37. R1a6 Rxa8 38. Rxa8 Rd7 39. Qd1 Nc7 40. Rb8 Nxd5 41.
cxd5 Rxd5 42. Rxb6 h6 43. Rxg6 Qf7 44. Rc6 hxg5 45. Qb3 Ne7 46. Rc7 gxf4 47.
Rxe7 Qxe7 48. Qxd5 fxg3 49. Bxg3 Qg5 50. Qh1+ Kg8 51. b6 Qc1+ 52. Kg2 Qd2+ 53.
Kh3 Qh6+ 54. Bh4 Qe3+ 55. Kg2 Qd2+ 56. Kg3 Qxd3+ 57. Qf3 Qb5 58. b7 b3 59. Bf6
Kf8 60. Qxf5 Qxb7 61. e6 b2 62. Bxd4+ Kg8 63. Qg6+ Kf8 64. Bxc5+ Qe7 65. Qf7#
1-0

[Event "Bayern-chTT (RL Sued-Ost)"]
[Site "Bayern 2008/09"]
[Date "2008.10.26"]
[Round "2.5"]
[White "Gschwendtner, Klaus"]
[Black "Schneider, Roland(70)"]
[Result "1-0"]
[WhiteElo "2089"]
[BlackElo "1986"]
[PlyCount "91"]
[EventDate "2009.03.??"]
[EventType "team-tourn"]
[EventRounds "9"]
[WhiteTeam "Starnberg 1"]
[BlackTeam "Passau 2"]

1. Nf3 c5 2. e4 e6 3. d3 Nc6 4. g3 g6 5. Bg2 Bg7 6. O-O Nge7 7. c3 O-O 8. Nbd2
d5 9. Re1 Qc7 10. exd5 exd5 11. Nb3 b6 12. d4 c4 13. Bf4 Qd8 14. Nbd2 Bf5 15.
Ne5 Rc8 16. g4 Be6 17. h3 b5 18. Qf3 Nxe5 19. Bxe5 Nc6 20. Bxg7 Kxg7 21. Nf1
Qd6 22. Ne3 Ne7 23. Nc2 a5 24. a3 Nc6 25. Ne3 Rcd8 26. Rad1 Ne7 27. Nc2 Nc6 28.
Re2 b4 29. axb4 axb4 30. Rde1 bxc3 31. bxc3 Ne7 32. Nb4 Nc6 33. Nxc6 Qxc6 34.
Re5 Rb8 35. g5 Qd7 36. Qf6+ Kg8 37. h4 Qd8 38. Rxe6 fxe6 39. Qxe6+ Rf7 40. Bxd5
Qc7 41. Qf6 Qd7 42. Bxc4 Qg4+ 43. Kf1 Qh3+ 44. Ke2 Rb2+ 45. Kd1 Rb1+ 46. Kc2
1-0

[Event "Bayern-chTT (RL Sued-Ost)"]
[Site "Bayern 2008/09"]
[Date "2008.10.26"]
[Round "2.7"]
[White "Rulik, Oliver"]
[Black "Zeitler, Georg(48)"]
[Result "0-1"]
[WhiteElo "1941"]
[BlackElo "1930"]
[PlyCount "92"]
[EventDate "2009.03.??"]
[EventType "team-tourn"]
[EventRounds "9"]
[WhiteTeam "Starnberg 1"]
[BlackTeam "Passau 2"]

1. e4 e6 2. Nc3 d5 3. d3 Nf6 4. Bg5 Be7 5. g3 h6 6. Bd2 dxe4 7. dxe4 e5 8. Bg2
Nc6 9. Nge2 Be6 10. O-O Qd7 11. Be3 O-O-O 12. a3 Nd4 13. Nd5 Nxd5 14. Bxd4 exd4
15. exd5 Bxd5 16. Bxd5 Qxd5 17. Nf4 Qf5 18. Re1 Bf6 19. Qe2 h5 20. Qc4 g5 21.
Qd3 Qd7 22. Ne2 h4 23. Qf3 hxg3 24. Nxg3 Rh6 25. Qf5 Rdh8 26. Qxd7+ Kxd7 27.
Nf1 Bg7 28. Re2 Re6 29. Rxe6 Kxe6 30. Re1+ Kd7 31. Ng3 Re8 32. Rxe8 Kxe8 33. b3
Kd7 34. h3 Be5 35. Ne4 f6 36. Kg2 b6 37. Kf3 Ke6 38. Nd2 c6 39. Kg4 b5 40. Nf3
c5 41. Nd2 Bf4 42. Nf3 f5+ 43. Kh5 Kf6 44. Ne1 c4 45. bxc4 bxc4 46. h4 g4 0-1

[Event "Bayern-chTT (RL Sued-Ost)"]
[Site "Bayern 2008/09"]
[Date "2008.10.26"]
[Round "2.8"]
[White "Klinger, Joseph(52)"]
[Black "Von Schmaedel, Clemens"]
[Result "0-1"]
[WhiteElo "1792"]
[BlackElo "1905"]
[PlyCount "192"]
[EventDate "2009.03.??"]
[EventType "team-tourn"]
[EventRounds "9"]
[WhiteTeam "Passau 2"]
[BlackTeam "Starnberg 1"]

1. e4 e5 2. Nf3 Nc6 3. Nc3 Nf6 4. a3 Be7 5. d4 exd4 6. Nxd4 Nxd4 7. Qxd4 d6 8.
Be2 O-O 9. Bf4 Bg4 10. f3 Be6 11. g4 Nd7 12. Nd5 Bh4+ 13. Bg3 Bxd5 14. Qxd5 Qf6
15. O-O-O Bg5+ 16. Kb1 Nb6 17. Qb3 Bf4 18. Bf2 c5 19. h4 Rac8 20. c4 Rc6 21.
Be1 Qe6 22. Bc3 Rb8 23. Bd2 Be5 24. Qc2 Nd7 25. Be3 Rb6 26. b3 g6 27. h5 a5 28.
hxg6 fxg6 29. Ka2 Rc6 30. a4 Rf8 31. Rh3 Rc7 32. Qd2 Nb8 33. f4 Bh8 34. Bf3 Rd7
35. f5 Qe5 36. Bf4 Qd4 37. Qe2 Qc3 38. Bg2 Qg7 39. Bh6 Qe5 40. Bxf8 Na6 41. Rc1
Kxf8 42. fxg6 hxg6 43. Rch1 Bg7 44. Rf3+ Kg8 45. Ka3 Nb4 46. Rc1 Re7 47. Rff1
Nd3 48. Rcd1 Nb4 49. Bf3 Rf7 50. Bg2 Rxf1 51. Bxf1 Qc3 52. Rb1 Nc2+ 53. Ka2 Be5
54. Bg2 Nb4+ 55. Ka3 Nd3 56. Qd1 Bf4 57. Ka2 Nc1+ 58. Rxc1 Bxc1 59. Qe2 Bd2 60.
Qd1 Kg7 61. Qa1 Kf6 62. Qxc3+ Bxc3 63. Kb1 Ke5 64. Kc2 Kd4 65. Bh1 g5 66. Bg2
b6 67. Bh1 Bb4 68. Bg2 Ke3 69. Bh1 Kf4 70. Kd3 Kxg4 71. Ke3 Kg3 72. Kd3 Ba3 73.
e5 dxe5 74. Ke4 Bb2 75. Kd5 g4 76. Kc6 Kf2 77. Kxb6 g3 78. Bd5 g2 79. Bxg2 Kxg2
80. Kxc5 e4 81. Kd5 e3 82. c5 e2 83. c6 e1=Q 84. Kd6 Qe5+ 85. Kd7 Qd5+ 86. Kc7
Be5+ 87. Kb7 Qd6 88. Kb6 Qc7+ 89. Kc5 Kf3 90. Kd5 Kf4 91. Kc5 Ke4 92. b4 axb4
93. Kxb4 Qxc6 94. a5 Kd5 95. a6 Qxa6 96. Kb3 Qc4+ 0-1

[Event "Bayern-chTT (RL Sued-Ost)"]
[Site "Bayern 2008/09"]
[Date "2008.10.26"]
[Round "2.1"]
[White "Zenker, Ulrich"]
[Black "Heigermoser, Robert"]
[Result "1-0"]
[WhiteElo "2211"]
[BlackElo "2014"]
[PlyCount "61"]
[EventDate "2009.03.??"]
[EventType "team-tourn"]
[EventRounds "9"]
[WhiteTeam "Ebersberg 1"]
[BlackTeam "Pang/Ro.2"]

1. e4 e6 2. d4 d5 3. e5 c5 4. c3 Nc6 5. Nf3 Bd7 6. Be2 f6 7. O-O Qc7 8. Re1
O-O-O 9. c4 fxe5 10. dxe5 d4 11. Bd3 h6 12. Bf4 g5 13. Bg3 Bg7 14. Qe2 Be8 15.
Nbd2 Bh5 16. a3 Nge7 17. b4 Nf5 18. Ne4 Nxg3 19. hxg3 Nxe5 20. Nxc5 Rde8 21.
Rac1 Bxf3 22. gxf3 Rhf8 23. Be4 b6 24. Nd3 Nxd3 25. Qxd3 Kb8 26. c5 Rc8 27. a4
h5 28. Kg2 h4 29. cxb6 Qxb6 30. a5 Rxc1 31. Rxc1 1-0

[Event "Bayern-chTT (RL Sued-Ost)"]
[Site "Bayern 2008/09"]
[Date "2008.10.26"]
[Round "2.2"]
[White "Wittmann, Matthias(81)"]
[Black "Schweiger, Georg"]
[Result "1/2-1/2"]
[WhiteElo "2118"]
[BlackElo "2063"]
[PlyCount "44"]
[EventDate "2009.03.??"]
[EventType "team-tourn"]
[EventRounds "9"]
[WhiteTeam "Pang/Ro.2"]
[BlackTeam "Ebersberg 1"]

1. Nc3 d5 2. f4 Nf6 3. e3 g6 4. Nf3 Bg7 5. b3 O-O 6. Bb2 c5 7. Bd3 Nc6 8. O-O
Nb4 9. Ne5 Nxd3 10. cxd3 b6 11. a4 Bb7 12. a5 d4 13. a6 Bxg2 14. Kxg2 dxc3 15.
dxc3 Nh5 16. c4 Qd6 17. d4 f6 18. Nd3 Rad8 19. Qf3 e5 20. d5 Rde8 21. fxe5 fxe5
22. Qe2 Qd8 1/2-1/2

[Event "Bayern-chTT (RL Sued-Ost)"]
[Site "Bayern 2008/09"]
[Date "2008.10.26"]
[Round "2.3"]
[White "Krause, Christian(42)"]
[Black "Meingast, Markus"]
[Result "1/2-1/2"]
[WhiteElo "1951"]
[BlackElo "2069"]
[PlyCount "41"]
[EventDate "2009.03.??"]
[EventType "team-tourn"]
[EventRounds "9"]
[WhiteTeam "Ebersberg 1"]
[BlackTeam "Pang/Ro.2"]

1. c4 g6 2. Nc3 Bg7 3. g3 e5 4. e4 d6 5. Bg2 Nc6 6. Nge2 Nge7 7. d3 Bg4 8. f3
Be6 9. O-O Qd7 10. Nd5 f5 11. Be3 Nd8 12. Qd2 Nf7 13. Rae1 c6 14. Nxe7 Qxe7 15.
b3 O-O 16. Nc3 Qd7 17. f4 exf4 18. Bxf4 Rad8 19. d4 fxe4 20. Nxe4 Bf5 21. Ng5
1/2-1/2

[Event "Bayern-chTT (RL Sued-Ost)"]
[Site "Bayern 2008/09"]
[Date "2008.10.26"]
[Round "2.4"]
[White "Steinbacher, Thomas"]
[Black "Gil, Arthur"]
[Result "0-1"]
[WhiteElo "2044"]
[BlackElo "1984"]
[PlyCount "102"]
[EventDate "2009.03.??"]
[EventType "team-tourn"]
[EventRounds "9"]
[WhiteTeam "Pang/Ro.2"]
[BlackTeam "Ebersberg 1"]

1. d4 Nf6 2. Nc3 e6 3. e4 c5 4. dxc5 Bxc5 5. e5 Nd5 6. Nxd5 exd5 7. Bd3 d6 8.
exd6 Qxd6 9. Qe2+ Qe6 10. Qxe6+ fxe6 11. Nf3 O-O 12. O-O Nc6 13. Bb5 e5 14.
Bxc6 bxc6 15. Nxe5 Ba6 16. c4 Rae8 17. Nd3 Bd4 18. Be3 Bxe3 19. fxe3 Rxf1+ 20.
Rxf1 Bxc4 21. Rd1 Rxe3 22. Nb4 Bb5 23. b3 a5 24. Nc2 Rd3 25. Rxd3 Bxd3 26. Nd4
c5 27. Nc6 c4 28. Ne7+ Kf7 29. Nxd5 cxb3 30. axb3 Bc2 31. b4 Bb3 32. Nf4 a4 33.
Nd3 a3 34. Nc1 Bc4 35. Kf2 a2 36. Nxa2 Bxa2 37. Ke3 Bd5 38. g3 Kf6 39. Kd4 Bb7
40. Kc5 Kg5 41. Kd6 Kg4 42. Ke7 Kh3 43. Kf7 g5 44. Kf6 g4 45. Kg5 Bf3 46. b5
Kxh2 47. Kh4 Kg2 48. b6 Kf2 49. b7 Bxb7 50. Kxg4 Be4 51. Kf4 Bg6 0-1

[Event "Bayern-chTT (RL Sued-Ost)"]
[Site "Bayern 2008/09"]
[Date "2008.10.26"]
[Round "2.5"]
[White "Kramer, Melik Kurt"]
[Black "Kiener, Georg"]
[Result "0-1"]
[WhiteElo "1955"]
[BlackElo "2032"]
[PlyCount "80"]
[EventDate "2009.03.??"]
[EventType "team-tourn"]
[EventRounds "9"]
[WhiteTeam "Ebersberg 1"]
[BlackTeam "Pang/Ro.2"]

1. e4 c5 2. d3 Nc6 3. Nd2 g6 4. Ngf3 Bg7 5. g3 d6 6. Bg2 e6 7. O-O Nge7 8. Re1
O-O 9. Nf1 Qc7 10. c3 d5 11. Qe2 e5 12. exd5 Nxd5 13. h3 Nde7 14. Be3 b6 15.
Rad1 Ba6 16. Qc2 Rac8 17. Bc1 Rfd8 18. a3 h6 19. b3 Rd7 20. Bb2 Rcd8 21. c4 Nf5
22. Ne3 Nxe3 23. Rxe3 Re7 24. Bc3 Nd4 25. Bxd4 cxd4 26. Re2 f5 27. Nh4 Kh7 28.
Qd2 Bb7 29. Rde1 Bxg2 30. Nxg2 Rde8 31. f3 Qc6 32. Kf2 Qf6 33. b4 e4 34. Kg1
Qc6 35. fxe4 fxe4 36. dxe4 Qxc4 37. Nf4 Qc3 38. Qxc3 dxc3 39. Nd5 Rd7 40. Rc2
Rxd5 0-1

[Event "Bayern-chTT (RL Sued-Ost)"]
[Site "Bayern 2008/09"]
[Date "2008.10.26"]
[Round "2.6"]
[White "Kranewitter, Norbert"]
[Black "Bauer, Frank(75)"]
[Result "1-0"]
[WhiteElo "1984"]
[BlackElo "1935"]
[PlyCount "79"]
[EventDate "2009.03.??"]
[EventType "team-tourn"]
[EventRounds "9"]
[WhiteTeam "Pang/Ro.2"]
[BlackTeam "Ebersberg 1"]

1. Nf3 Nf6 2. c4 g6 3. Nc3 Bg7 4. e4 d6 5. d4 O-O 6. Be2 e5 7. O-O Nc6 8. d5
Ne7 9. b4 a5 10. Ba3 axb4 11. Bxb4 b6 12. a4 Nd7 13. a5 h6 14. axb6 Rxa1 15.
Qxa1 Nxb6 16. Qa7 Bd7 17. Rc1 f5 18. Nd2 fxe4 19. Ndxe4 Nf5 20. c5 Nc8 21. Qa3
dxc5 22. Nxc5 Re8 23. Nxd7 Qxd7 24. Bb5 Qf7 25. Bxe8 Qxe8 26. Ne4 Nb6 27. Qa2
Qf7 28. Ba5 Qxd5 29. Qxd5+ Nxd5 30. Bxc7 Nxc7 31. Rxc7 Kf8 32. Kf1 Kg8 33. Ke2
Kf8 34. Kd3 Kg8 35. Kc4 Kf8 36. Kd5 Kg8 37. Rb7 Kf8 38. Nc5 Kg8 39. Nd7 Nd4 40.
Nxe5 1-0

[Event "Bayern-chTT (RL Sued-Ost)"]
[Site "Bayern 2008/09"]
[Date "2008.10.26"]
[Round "2.7"]
[White "Hartmann, Karl-Heinz(49)"]
[Black "Uhlmann, David"]
[Result "1/2-1/2"]
[WhiteElo "1792"]
[BlackElo "1904"]
[PlyCount "93"]
[EventDate "2009.03.??"]
[EventType "team-tourn"]
[EventRounds "9"]
[WhiteTeam "Ebersberg 1"]
[BlackTeam "Pang/Ro.2"]

1. e4 d5 2. exd5 Qxd5 3. Nc3 Qa5 4. d4 Nf6 5. Nf3 Bf5 6. Bd2 c6 7. Bc4 e6 8.
Nd5 Qd8 9. Nxf6+ gxf6 10. c3 Nd7 11. Nh4 Bg6 12. Nxg6 hxg6 13. Qe2 Qc7 14. h3
O-O-O 15. O-O-O Bd6 16. Rhe1 Nb6 17. Bb3 Bf4 18. Qf3 Bxd2+ 19. Rxd2 f5 20. Qe3
Rdg8 21. Qe5 Qxe5 22. Rxe5 Nd7 23. Re1 Nf6 24. f3 g5 25. c4 Rd8 26. Red1 Kc7
27. d5 Rhe8 28. dxe6 Rxd2 29. Rxd2 fxe6 30. Kc2 e5 31. Re2 Nh5 32. Kd1 Nf4 33.
Rd2 e4 34. fxe4 fxe4 35. g3 Nxh3 36. Rh2 g4 37. Bc2 e3 38. Bf5 Ng1 39. Bxg4 Rg8
40. Rg2 Rxg4 41. Rxg1 Re4 42. g4 Kd6 43. g5 Ke7 44. Rg3 Rd4+ 45. Ke1 Kf7 46.
Rxe3 Kg6 47. Re7 1/2-1/2

[Event "Bayern-chTT (RL Sued-Ost)"]
[Site "Bayern 2008/09"]
[Date "2008.10.26"]
[Round "2.8"]
[White "Schmid, Dieter(48)"]
[Black "Behrndt, Helmut"]
[Result "0-1"]
[WhiteElo "1837"]
[BlackElo "1736"]
[PlyCount "74"]
[EventDate "2009.03.??"]
[EventType "team-tourn"]
[EventRounds "9"]
[WhiteTeam "Pang/Ro.2"]
[BlackTeam "Ebersberg 1"]

1. d4 b6 2. c4 Bb7 3. Nc3 e6 4. Bf4 f5 5. Qd2 Nf6 6. f3 d5 7. cxd5 Nxd5 8. Nxd5
Bxd5 9. Qc3 Nc6 10. a3 Bd6 11. Bxd6 cxd6 12. e3 O-O 13. b4 Rc8 14. Ba6 Rc7 15.
Qd2 Nb8 16. Bd3 Qh4+ 17. g3 Qf6 18. Rb1 Kh8 19. h4 e5 20. dxe5 Qxe5 21. Rh3 Nd7
22. a4 Rfc8 23. f4 Qe6 24. Ne2 Re8 25. Nd4 Qxe3+ 26. Qxe3 Rxe3+ 27. Kd2 Rxd3+
28. Kxd3 Be4+ 29. Ke3 Bxb1 30. Nb5 Rc4 31. Nxd6 Rxb4 32. Rh1 Be4 33. Rd1 Nf6
34. Nf7+ Kg8 35. Ng5 Ng4+ 36. Ke2 Rb2+ 37. Ke1 Rb1 0-1

[Event "Bayern-chTT (RL Sued-Ost)"]
[Site "Bayern 2008/09"]
[Date "2008.10.26"]
[Round "2.1"]
[White "Ploehn, Heiko"]
[Black "Wahrlich, Andreas"]
[Result "1/2-1/2"]
[WhiteElo "2128"]
[BlackElo "2031"]
[PlyCount "38"]
[EventDate "2009.03.??"]
[EventType "team-tourn"]
[EventRounds "9"]
[WhiteTeam "Landshut 1"]
[BlackTeam "Waldkraiburg 1"]

1. d4 Nf6 2. c4 e6 3. Nc3 Bb4 4. e3 b6 5. Qb3 Qe7 6. a3 Bxc3+ 7. Qxc3 Bb7 8. f3
d5 9. b3 O-O 10. Bd3 Nbd7 11. Nh3 e5 12. O-O c5 13. dxc5 Nxc5 14. Bc2 Rfd8 15.
Re1 dxc4 16. bxc4 e4 17. f4 Nd3 18. Rd1 Rac8 19. Nf2 Nxc1 1/2-1/2